000 00721cam a2200229 a 4500
001 3905550
005 20180223070001.0
008 910501s1992 nyua b 001 0 eng
010 _a 91019600
020 _a0024045357
040 _aDLC
_cDLC
_dDLC
041 _aeng
080 _a304.2
082 0 0 _a304.2 RUB
_220
100 1 _a42
101 _aGJEO
245 1 4 _aThe cultural landscape :
_cJames M. Rubenstein.
504 _aIncludes bibliographical references and index.
906 _a7
_bcbc
_corignew
_d1
_eocip
_f19
_gy-gencatlg
942 _2ddc
_cBK
999 _c43230
_d43230